| 000 | 00415nam a22001217a 4500 | ||
|---|---|---|---|
| 999 |
_c18734 _d18734 |
||
| 008 | 210203b xxu||||| |||| 00| 0 eng d | ||
| 050 |
_aHF5549.5 _b.T66 2016 c.1 |
||
| 100 | _aTonui, Loice | ||
| 245 | _aAssessing Performance Contract as a Tool for Improving Performance at Kenya Medical Research Institute | ||
| 260 |
_aKabarak, Nakuru, Kenya _bKabarak University _c2016 |
||
| 300 | _a63 leaves | ||
| 942 |
_2lcc _cTHE |
||